| 000 | 003420000a22001450004500 | ||
|---|---|---|---|
| 003 | MACL | ||
| 040 | _aMACL | ||
| 090 |
_c33761 _d33759 |
||
| 100 | _aJain, V K | ||
| 245 | _aProgramming Wap wap Servlets With WML WML Script & 3G | ||
| 260 |
_bDreamtech Press _c2001 |
||
| 350 | _a299 | ||
| 650 | _aComputer probraming | ||
| 942 |
_cBOOK _k005/Jai |
||
| 999 |
_c33409 _d33409 |
||